| 000 | 00796nam a2200229 a 4500 | ||
|---|---|---|---|
| 999 |
_c11852 _d11852 |
||
| 001 | 11852 | ||
| 003 | BD-JhCC | ||
| 005 | 20201121113039.0 | ||
| 008 | 201121b2017 bg |||| ||a| 00| 0 ben d | ||
| 020 | _a9789844290150 | ||
| 035 | _a(BD-JhCC) 11852 | ||
| 040 |
_aBD-JhCC _dBD-JhCC |
||
| 041 | _aBen | ||
| 082 |
_a891.44 _bMUS 2017 |
||
| 100 | _aমুস্তাফা, নাসরীন | ||
| 245 |
_aসায়েন্স ফিকশন: _bএক্স- পেরিমেন্ট / _cনাসরীন মুস্তাফা |
||
| 260 |
_aঢাকাঃ _bবাংলা প্রকাশন; _c২০১৭. |
||
| 300 |
_a৯৬ পৃ. : _c২৩ সেমি |
||
| 650 |
_aScience Fiction _vBengali |
||
| 942 |
_2ddc _cBK |
||